00542cam a22002171 4500001001300000003000400013005001700017008004100034010001700075035002000092040001800112042001200130050001900142100001700161245003300178260001100211300002200222500001700244600004600261999001700307sa 64006430 DLC20260227112039.0890816s1962 ii 000 0 gujo  asa 64006430  a(OCoLC)20185477 aDLCcWaUdDLC apremarc00aDS481.P36bP331 aPatel, I. J.10aVīra Viṭhṭhalbhāī. c[1962] a6, 158 p.c19 cm. aIn Gujarati.10aPatel, Vithalbhai Jhaverbhai,d1873-1933. c59693d59693